The periodic table of Broadway musicals : (Record no. 126894)

MARC details
000 -LEADER
campo de control de longitud fija 01290nam a22002537a 4500
003 - IDENTIFICADOR DE NÚMERO DE CONTROL
campo de control BJBSDDR
005 - FECHA Y HORA DE LA ÚLTIMA TRANSACCIÓN
campo de control 20260423112005.0
007 - CAMPO FIJO DE DESCRIPCIÓN FÍSICA--INFORMACIÓN GENERAL
campo de control de longitud fija ta
008 - DATOS DE LONGITUD FIJA--INFORMACIÓN GENERAL
campo de control de longitud fija 260423s2025 nyu||||| |||| 00| 0 eng d
020 ## - NÚMERO INTERNACIONAL ESTÁNDAR DEL LIBRO
Número Internacional Estándar del Libro 9781454958840
020 ## - NÚMERO INTERNACIONAL ESTÁNDAR DEL LIBRO
Número Internacional Estándar del Libro 1454958847
040 ## - FUENTE DE CATALOGACIÓN
Lengua de catalogación spa
Centro/agencia transcriptor BJBSDDR
041 ## - CÓDIGO DE IDIOMA
Código de lengua del texto/banda sonora o título independiente eng
050 ## - SIGNATURA TOPOGRÁFICA DE LA BIBLIOTECA DEL CONGRESO
Número de ítem G371 2025
100 1# - ENTRADA PRINCIPAL--NOMBRE DE PERSONA
Nombre de persona Gerle, Andrew
9 (RLIN) 48076
245 ## - MENCIÓN DEL TÍTULO
Título The periodic table of Broadway musicals :
Resto del título an illustrated guide to 118 essential shows /
Mención de responsabilidad, etc. Andrew Gerle, Joseph Zellnik, ilustrador Tatiana Bischak (
260 ## - PUBLICACIÓN, DISTRIBUCIÓN, ETC.
Lugar de publicación, distribución, etc. New York :
Nombre del editor, distribuidor, etc. Union Square & Co,
Fecha de publicación, distribución, etc. 2025
505 ## - NOTA DE CONTENIDO CON FORMATO
Nota de contenido con formato Introduction and key<br/>The classics<br/>The hits<br/>The Broadway operas<br/>The canon<br/>The show biz series<br/>The leading ladies series<br/>The ensemble pieces<br/>The entertainers<br/>The true stories<br/>The groundbreakers
520 ## - RESUMEN, ETC.
Sumario, etc. "Imagine the classic periodic table of elements--but instead of Chromium and Rhodium, it's A chorus line and Rent! This delightful and informative gift book, based on the bestselling viral poster series, will be a stunning showcase of art and content sure to thrill lovers of show tunes and everything Broadway and beyond. Includes a full-size pull-out poster
700 1# - ENTRADA AGREGADA--NOMBRE PERSONAL
Nombre de persona Zellnik, Joseph
9 (RLIN) 48078
700 1# - ENTRADA AGREGADA--NOMBRE PERSONAL
Nombre de persona Bischak, Tatiana
9 (RLIN) 48079
942 ## - ELEMENTOS DE ENTRADA SECUNDARIOS (KOHA)
Fuente del sistema de clasificación o colocación Clasificación de Library of Congress
Suprimir en OPAC No
Tipo de ítem Koha Libro
946 ## - PROCESAMIENTO DE INFORMACIÓN LOCAL (OCLC)
Iniciales del agente catalogador cmc
Holdings
Estatus retirado Estado de pérdida Fuente del sistema de clasificación o colocación Estado de daño No para préstamo Colección Biblioteca de origen Biblioteca actual Ubicación en estantería Fecha de adquisición Signatura topográfica completa Código de barras Visto por última vez Copia número Tipo de ítem Koha
    Clasificación de Library of Congress     Automatización y Procesos Técnicos Biblioteca Juan Bosch Biblioteca Juan Bosch Automatización y Procesos Técnicos (1er. Piso) 23/04/2026 G371 2025 00000198987 23/04/2026 1 Libro